000 00690nam a2200241Ia 4500
005 20260429111954.0
008 260429s9999||||xx |||||||||||||| ||und||
020 _a9783110779813
041 _aEnglish
082 _a519.23
_bASI
100 _aAscione, Giacomo
245 0 _aFractional deterministic and stochastic calculus /
_cGiacomo Ascione
260 _aGermany :
_bDe Gruyter,
_c2024.
300 _axvii, 443 p.; hb
440 _aSeries in probability and stochastics; 4
650 _a Probability
650 _a Stochastic analysis
650 _a Stochastic calculus
650 _aMathematics
700 _a Mishura, Yuliya
700 _a Pirozzi, Enrica
942 _cTB
999 _c51691
_d51691